000 00716nam a2200289Ia 4500
005 20260324133205.0
008 008 260324s9999 xx 000 0 eng d
020 _a9780429480539
037 _aEBOOK
040 _aCRL
040 _beng
040 _cCRL
041 _2eng
041 _aeng
084 _qCRL
100 _aDonald Meltzer; Rosa Castella; Carlos Tabbia; Lluis Farre
_91192131
245 0 _aSupervisions with Donald Meltzer
245 4 _bThe Simsbury Seminars
260 _bTaylor and Francis
260 _c2003
365 _a
365 _b205
856 _uhttp://www.taylorfrancis.com/books/9780429480539
942 _cEBOOK
999 _c1790968
_d1790968